Con vẹt : Truyện vui
সংরক্ষণ করুন:
| প্রধান লেখক: | |
|---|---|
| বিন্যাস: | গ্রন্থ |
| ভাষা: | Undetermined |
| প্রকাশিত: |
Thành phố Hồ Chí Minh
Thanh Niên
2010
|
| বিষয়গুলি: | |
| ট্যাগগুলো: |
ট্যাগ যুক্ত করুন
কোনো ট্যাগ নেই, প্রথমজন হিসাবে ট্যাগ করুন!
|
| Thư viện lưu trữ: | Trung tâm Học liệu Trường Đại học Cần Thơ |
|---|
| LEADER | 00652nam a2200229Ia 4500 | ||
|---|---|---|---|
| 001 | CTU_160763 | ||
| 008 | 210402s9999 xx 000 0 und d | ||
| 020 | |c 40000 | ||
| 082 | |a 808.882 | ||
| 082 | |b V561 | ||
| 100 | |a Vương Tâm | ||
| 245 | 0 | |a Con vẹt : | |
| 245 | 0 | |b Truyện vui | |
| 245 | 0 | |c Vương Tâm | |
| 260 | |a Thành phố Hồ Chí Minh | ||
| 260 | |b Thanh Niên | ||
| 260 | |c 2010 | ||
| 650 | |a Vietnamese literature,Văn học VIệt Nam | ||
| 650 | |x Anecdotes,Giai thoại | ||
| 650 | |y 21st century,Thế kỷ 21 | ||
| 904 | |i A.Thơ,Qhieu | ||
| 980 | |a Trung tâm Học liệu Trường Đại học Cần Thơ | ||